000 00339nam a2200133Ia 4500
008 240624s9999 xx 000 0 und d
041 _aeng
082 _a340 JAY
100 _aJAYAKUMAR N K
245 _aADMINISTRATIVE LAW
260 _c2005
_aNew Delhi
_bPrentice-Hall of India
300 _axxiii, : 168 : p. : cm. ; 23
365 _cRS
_b40
999 _c8949
_d8949